Productivity of commercial banks in Malaysia /
Saved in:
| 主要作者: | |
|---|---|
| 格式: | Thesis 圖書 |
| 語言: | English |
| 出版: |
1989.
|
| 主題: | |
| 標簽: |
添加標簽
沒有標簽, 成為第一個標記此記錄!
|
| LEADER | 01094cam a2200301 a 4500 | ||
|---|---|---|---|
| 001 | u127207 | ||
| 003 | SIRSI | ||
| 008 | 911205s1989 my t 00 1 eng m | ||
| 010 | |o ABA-8358 | ||
| 035 | |a AAO-2372 | ||
| 040 | |a UMM |d UME | ||
| 043 | |a a-my--- | ||
| 090 | |a HG3300.6 |b A6Lim | ||
| 091 | |a Microfiche 10953 | ||
| 099 | |a HF1008 |b UM 1989 Lim | ||
| 100 | 1 | 0 | |a Lim, Thiam Huat. |
| 245 | 1 | 0 | |a Productivity of commercial banks in Malaysia / |c Lim Thiam Huat. |
| 260 | |c 1989. | ||
| 300 | |a vii, 125 leaves ; |c 30 cm. | ||
| 500 | |a Also available on microfiche.Kuala Lumpur : Perpustakaan Universiti Malaya, 1992 . 2 fiches : negative : 11x15 cm. | ||
| 502 | |a Dissertation (M.B.A.) -- Fakulti Ekonomi dan Pentadbiran, Universiti Malaya, 1989. | ||
| 504 | |a Bibliography: leaves 123-125. | ||
| 650 | 0 | |a Banks and banking |z Malaysia. | |
| 650 | 0 | |a Banks and banking |z Malaysia |x Production standards. | |
| 650 | 0 | |a Production standards |z Malaysia. | |
| 948 | |a 06/01/1992 |b 26/07/2002 | ||
| 596 | |a 1 | ||
| 999 | |a HG3300.6 A6LIM |w LC |c 1 |i A512957027 |d 5/11/2001 |l STACKS |m P01UTAMA |n 14 |r Y |s Y |t TESIS |u 10/1/1992 | ||
